Notas a la Recopilación de Indias : (Record n. 32215)
[ formato base ]
| 000 -LEADER | |
|---|---|
| fixed length control field | 00857nam a2200217 i 4500 |
| 003 - CONTROL NUMBER IDENTIFIER | |
| control field | IT-RoINE |
| 005 - DATE AND TIME OF LATEST TRANSACTION | |
| control field | 20191007112339.0 |
| 008 - FIXED-LENGTH DATA ELEMENTS--GENERAL INFORMATION | |
| fixed length control field | 941004m19451946sp |r 001|||spa|d |
| 040 ## - CATALOGING SOURCE | |
| Original cataloging agency | USA.CCEE |
| Modifying agency | UPSA |
| -- | IT-RoINE |
| Transcribing agency | esslup IT-RoINE |
| 100 1# - MAIN ENTRY--PERSONAL NAME | |
| Personal name | Ayala, Manuel José de, |
| Dates associated with a name | 1728-1805 |
| 9 (RLIN) | 63186 |
| 245 10 - TITLE STATEMENT | |
| Title | Notas a la Recopilación de Indias : |
| Remainder of title | origen e historia ilustrada de las leyes de Indias / |
| Statement of responsibility, etc | por Manuel Josef de Ayala ; transcripción y estudio preliminar de Juan Manzano Manzano. |
| 260 ## - PUBLICATION, DISTRIBUTION, ETC. (IMPRINT) | |
| Place of publication, distribution, etc | Madrid : |
| Name of publisher, distributor, etc | Cultura Hispánica, |
| Date of publication, distribution, etc | 1945-1946. |
| 300 ## - PHYSICAL DESCRIPTION | |
| Extent | 2 v. ; |
| Dimensions | 29 cm. |
| 336 ## - CONTENT TYPE | |
| Source | rdacontent |
| Content type term | text |
| 337 ## - MEDIA TYPE | |
| Source | rdamedia |
| Media type term | unmediated |
| 338 ## - CARRIER TYPE | |
| Source | rdacarrier |
| Carrier type term | volume |
| 500 ## - GENERAL NOTE | |
| General note | Incluye índices. |
| 651 #4 - SUBJECT ADDED ENTRY--GEOGRAPHIC NAME | |
| Geographic name | España |
| General subdivision | Colonias |
| Geographic subdivision | América |
| General subdivision | Administración |
| -- | Fuentes |
| 9 (RLIN) | 62567 |
| 700 1# - ADDED ENTRY--PERSONAL NAME | |
| Personal name | Manzano Manzano, Juan, |
| 9 (RLIN) | 38324 |
| Dates associated with a name | 1911-2004 |
| 942 ## - ADDED ENTRY ELEMENTS (KOHA) | |
| Item type | Monografías |
| Withdrawn status | Lost status | Damaged status | Not for loan | Home library | Current library | Date acquired | Total Checkouts | Full call number | Barcode | Date last seen | Price effective from | Koha item type | Public note |
|---|---|---|---|---|---|---|---|---|---|---|---|---|---|
| Iglesia Nacional Española en Roma | Iglesia Nacional Española en Roma | 07/10/2019 | FUE.DER 168.1 | 58958 | 07/10/2019 | 07/10/2019 | Monografías | T. 1 | |||||
| Iglesia Nacional Española en Roma | Iglesia Nacional Española en Roma | 07/10/2019 | FUE.DER 168.2 | 58959 | 07/10/2019 | 07/10/2019 | Monografías | T. 2 |